Etudes complémentaires de l'esprit du droit romain. (Record no. 155890)
[ view plain ]
| 000 -LEADER | |
|---|---|
| campo de control de longitud fija | 00731nam a2200193 i 4500 |
| 001 - NÚMERO DE CONTROL | |
| campo de control | 155890 |
| 003 - IDENTIFICADOR DE NÚMERO DE CONTROL | |
| campo de control | ES-MaACL |
| 005 - FECHA Y HORA DE LA ÚLTIMA TRANSACCIÓN | |
| campo de control | 20250723061848.0 |
| 008 - DATOS DE LONGITUD FIJA--INFORMACIÓN GENERAL | |
| campo de control de longitud fija | 040723s1880 fr |||| | fre d |
| 040 ## - FUENTE DE CATALOGACIÓN | |
| Centro catalogador/agencia de origen | CAM |
| Lengua de catalogación | spa |
| Centro/agencia transcriptor | CAM |
| 100 1# - ENTRADA PRINCIPAL--NOMBRE DE PERSONA | |
| Nombre de persona | Jhering, Rudolf von. |
| 9 (RLIN) | 128302 |
| 245 10 - MENCIÓN DEL TÍTULO | |
| Título | Etudes complémentaires de l'esprit du droit romain. |
| Número de parte o sección de la obra | I, |
| Nombre de parte o sección de la obra | De la faute en droit privé |
| Resto del título | : fragment historique / |
| Mención de responsabilidad, etc. | par R. von Jhering,... ; traduit avec l'autorisation de l'auteur par O. de Meulenaere. |
| 260 ## - PUBLICACIÓN, DISTRIBUCIÓN, ETC. | |
| Lugar de publicación, distribución, etc. | Paris : |
| Nombre del editor, distribuidor, etc. | A. Marescq, |
| Fecha de publicación, distribución, etc. | 1880. |
| 300 ## - DESCRIPCIÓN FÍSICA | |
| Extensión | 83 p. ; |
| Dimensiones | 24 cm. |
| 650 07 - PUNTO DE ACCESO ADICIONAL DE MATERIA--TÉRMINO DE MATERIA | |
| Término de materia o nombre geográfico como elemento de entrada | Derecho romano |
| Fuente del encabezamiento o término | embne |
| 9 (RLIN) | 11764 |
| 700 1# - ENTRADA AGREGADA--NOMBRE PERSONAL | |
| Nombre de persona | Meulenaere, O. de. |
| 9 (RLIN) | 129879 |
| 852 ## - LOCALIZACIÓN | |
| Ubicación | ES-MaACL |
| Número de control de estantería | B-5311 |
| Nota libre | -- Enc. hol. |
| Estatus retirado | Estado de pérdida | Estado de daño | No para préstamo | Colección | Biblioteca de origen | Biblioteca actual | Ubicación en estantería | Fecha de adquisición | Fuente de adquisición | Total de préstamos | Signatura topográfica completa | Código de barras | Visto por última vez | Precio de reemplazo | Tipo de ítem Koha |
|---|---|---|---|---|---|---|---|---|---|---|---|---|---|---|---|
| Libros del s. XIX | Biblioteca del Ateneo de Madrid | Biblioteca del Ateneo de Madrid | Sala Pardo Bazán | 17/01/2008 | B-5311 | 1163082 | 23/02/2023 | 23/02/2023 | Libro impreso antiguo |
